[Event "Washington Open Championship"]
[Site "Seattle, WA"]
[Date "2014.05.25"]
[Round "3"]
[White "Kenney Jason  (CAN)"]
[Black "Sang Tian  (WA)"]
[Result "1/2-1/2"]
[WhiteElo "2060"]
[BlackElo "2317"]
[Annotator ""]
[Source ""]
[Remark "Open"]

1.c4 e5 2.g3 Nf6 3.Bg2 d5 4.cxd5 Nxd5 5.Nc3 Nb6 6.Nf3 Nc6 7.O-O
Be7 8.a3 a5 9.Rb1 O-O 10.b4 axb4 11.axb4 Bf5 12.b5 Nd4 13.d3
Bf6 14.Nd2 Qc8 15.Bb2 Rd8 16.Nce4 Be7 17.e3 Nxb5 18.Bxe5 c6 19.Qe2
Qe6 20.Ba1 Ra2 21.Rfc1 Bxe4 22.Bxe4 Bf6 23.Bxf6 Qxf6 24.d4 Re8
25.Qd3 g6 26.Rc2 Ra3 27.Rb3 Ra1+ 28.Kg2 Qe7 29.Bf3 Rd8 30.Rcb2
Na4 31.Rb1 Nc5 32.Qc2 Nxb3 33.Rxb3 Ra3 34.Rb2 Rc3 35.Qb1 f5 36.d5
Nd6 37.Qa1 Qg7 38.Qa5 Rc8 39.dxc6 bxc6 40.Rb6 Kh8 41.Ra6 h6 42.Ra8
Rxa8 43.Qxa8+ Kh7 44.Bxc6 Rc2 45.Nf3 Qb2 46.Qa7+ Qg7 47.Qxg7+
Kxg7 48.Nd4 Rb2 49.h4 Nc4 50.e4 Kf6 51.exf5 gxf5 52.Bf3 Ne5 53.Ne2
Nd3 54.Bh5 Ke5 55.Kf3 Rb3 56.Kg2 Ne1+ 57.Kf1 Rb1 58.Nc3 Rc1 59.Nd1
Nd3 60.Kg2 f4 61.Be2 Kd4 62.Kf3 Ne5+ 63.Kxf4 Rc2 64.Bh5 Rd2 65.Kf5
Nd3 66.Kg6 Nxf2 67.Nxf2 Rxf2 68.Kxh6 Ke5 69.g4 Rf6+ 70.Kg5 Rf1
71.Bg6 Ke6 72.h5 Ke7 73.Kh6 Rf8 74.Bh7 Rf6+ 75.Kg5 Ra6 76.h6
Kf7 77.Bd3 Ra5+ 78.Bf5 Ra1 79.Be6+ Kxe6 80.h7 Ra8 81.Kg6 Ke5
82.g5 Kf4 83.Kg7 1/2-1/2

[Event "Washington Open Championship"]
[Site "Seattle, WA"]
[Date "2014.05.25"]
[Round "3"]
[White "Chan James  (CAN)"]
[Black "Pupols Viktors  (WA)"]
[Result "0-1"]
[WhiteElo "2092"]
[BlackElo "2200"]
[Annotator ""]
[Source ""]
[Remark "Open"]

1.e4 d6 2.d4 Nf6 3.Nc3 Nbd7 4.g3 e5 5.Nge2 c6 6.Bg2 Be7 7.O-O
O-O 8.h3 b5 9.a4 b4 10.Na2 a5 11.c4 bxc3 12.Naxc3 Bb7 13.g4 Qb8
14.Ng3 Rd8 15.Nf5 Bf8 16.Re1 Ba6 17.d5 c5 18.Qd2 c4 19.Qg5 Kh8
20.Re2 Ng8 21.Qh4 Nc5 22.Bg5 f6 23.Be3 g6 24.Bxc5 gxf5 25.Ba3
f4 26.f3 Rd7 27.Rc1 Be7 28.Qe1 Bd8 29.Kh1 Bb6 30.Rcc2 Bd4 31.Bf1
Raa7 32.h4 Rab7 33.Bh3 Rg7 34.Rg2 Qc7 35.g5 fxg5 36.hxg5 Ne7
37.Qh4 Ng6 38.Qh5 Bc5 39.Bxc5 Qxc5 40.Bf5 Rbe7 41.Rce2 Bc8 42.Rh2
Kg8 43.Qg4 Bd7 44.Rh6 Be8 45.Qg1 Qxg1+ 46.Kxg1 Rb7 47.Bc8 Rb4
48.Ba6 Bxa4 49.Na2 Rb6 50.Bxc4 Bb3 51.Bxb3 Rxb3 52.Nc3 a4 53.Nxa4
Rxf3 54.Nb6 Rc7 55.Kh2 Re3 56.Rxe3 fxe3 57.Kg3 Rc2 58.Kf3 e2
59.Rh1 Nf4 60.Re1 Rxb2 61.Nc4 Rb3+ 62.Kf2 Nd3+ 63.Kxe2 Nxe1 64.Kxe1
Rg3 65.Nxd6 Rxg5 66.Nf5 Kf7 67.Kf2 Kf6 68.Ne3 0-1

[Event "Washington Open Championship"]
[Site "Seattle, WA"]
[Date "2014.05.25"]
[Round "2"]
[White "Peng Patrick  (WA)"]
[Black "Nicoski Rick  (WA)"]
[Result "0-1"]
[WhiteElo "1206"]
[BlackElo "1353"]
[Annotator ""]
[Source ""]
[Remark "Booster"]

1.e4 c6 2.d4 d5 3.f3 h6 4.Bd3 e6 5.Nc3 Qb6 6.Nge2 Bd6 7.b3 Ne7
8.Be3 Nd7 9.a3 Qc7 10.e5 Nxe5 11.dxe5 Bxe5 12.g3 c5 13.Bf4 O-O
14.Nb5 Qb8 15.O-O a6 16.Nbc3 b5 17.Bxe5 Qxe5 18.Bxb5 axb5 19.Nxb5
Ba6 20.a4 Nf5 21.Re1 Bxb5 22.axb5 d4 23.Rxa8 Rxa8 24.Nf4 Ne3
25.Qd2 Ra2 26.Ng2 Qf5 27.Rc1 Rxc2 28.Rxc2 Qxc2 29.Qxc2 Nxc2 30.Kf1
Kf8 31.Ne1 Nxe1 32.Kxe1 Ke7 33.Kd2 Kd7 34.Kd3 Kc7 35.Kc4 f5 36.h4
e5 37.Kd3 Kb6 38.h5 Kxb5 39.Kc2 e4 40.fxe4 fxe4 41.Kd2 Kb4 42.g4
Kxb3 43.g5 c4 44.gxh6 gxh6 45.Ke2 c3 46.Kd1 Kb2 47.Ke1 c2 48.Ke2
c1Q 49.Kf2 Qe3+ 50.Kg2 d3 51.Kh2 d2 52.Kg2 d1Q 53.Kh2 Qdd2+ 54.Kh1
Qee1# 0-1

[Event "Washington Open Championship"]
[Site "Seattle, WA"]
[Date "2014.05.25"]
[Round "2"]
[White "Greenwell Wayne  (MA)"]
[Black "Yu Allistair  (WA)"]
[Result "1/2-1/2"]
[WhiteElo "1529"]
[BlackElo "1397"]
[Annotator ""]
[Source ""]
[Remark "Reserve"]

1.d4 d5 2.c4 e6 3.Nc3 Nf6 4.e3 Nbd7 5.Nf3 c6 6.Bd3 Bd6 7.O-O
O-O 8.c5 Bc7 9.Qc2 e5 10.dxe5 Nxe5 11.Nxe5 Bxe5 12.Ne2 Qc7 13.f4
Bg4 14.fxe5 Qxe5 15.Ng3 d4 16.e4 Nd7 17.Bf4 Qxc5 18.Qxc5 Nxc5
19.Be2 Be6 20.Bd6 Nd7 21.Bxf8 Rxf8 22.b3 Ne5 23.Rad1 c5 24.a3
Rd8 25.Nf5 d3 26.Bg4 b5 27.Ne7+ Kf8 28.Bxe6 Kxe7 29.Bd5 c4 30.bxc4
bxc4 31.Rb1 c3 32.Bb3 c2 33.Rbc1 d2 34.Rxc2 d1Q 35.Rc7+ Qd7 36.Rxd7+
Rxd7 37.Rd1 Rxd1+ 38.Bxd1 Kd6 39.Bb3 f6 40.Kf1 Kc5 41.Ke2 Kd4
42.Bc2 Kc3 43.Bb3 Nd3 44.Bd5 Nc1+ 45.Ke3 Kb2 46.a4 Nb3 47.Kf4
Ka3 48.Bc6 a5 49.e5 fxe5+ 50.Kxe5 Nc5 51.g4 Nxa4 52.Ke6 Nc5+
53.Kf7 a4 54.Kxg7 Kb4 55.Bd5 1/2-1/2

[Event "Washington Open Championship"]
[Site "Seattle, WA"]
[Date "2014.05.25"]
[Round "2"]
[White "Zhang Derek  (WA)"]
[Black "Levin Scott  (OR)"]
[Result "1-0"]
[WhiteElo "1938"]
[BlackElo "1859"]
[Annotator ""]
[Source ""]
[Remark "Open"]

1.e4 c5 2.Nf3 a6 3.d4 cxd4 4.Nxd4 Nf6 5.Bd3 e5 6.Nf3 Be7 7.O-O
Nc6 8.Bg5 d6 9.Nc3 Bg4 10.Bc4 O-O 11.Bxf6 Bxf6 12.Nd5 Nd4 13.Be2
Nxe2+ 14.Qxe2 Rc8 15.c3 Bg5 16.h3 Bd7 17.Nxg5 Qxg5 18.Qe3 Qd8
19.Rad1 Be6 20.Rd3 f5 21.f3 f4 22.Qd2 Kh8 23.Rd1 Qg5 24.Kf1 Qg3
25.a3 Rfd8 26.Qf2 g5 27.Qxg3 fxg3 28.Ne3 Bb3 29.R1d2 d5 30.Ke1
b5 31.Nf1 Bc4 32.Re3 Bxf1 33.Kxf1 dxe4 34.Rxd8+ Rxd8 35.Rxe4
Rd2 36.Re2 Rd1+ 37.Re1 Rd2 38.Rxe5 Rf2+ 39.Ke1 Rxg2 40.Rxg5 Rxb2
41.Rxg3 Rb3 42.f4 Rxa3 43.f5 b4 44.f6 {%02'time'} 1-0

[Event "Washington Open Championship"]
[Site "Seattle, WA"]
[Date "2014.05.25"]
[Round "3"]
[White "Newstead Brumas  (WA)"]
[Black "Hasuike Mike  (OR)"]
[Result "1-0"]
[WhiteElo "1632"]
[BlackElo "1500"]
[Annotator ""]
[Source ""]
[Remark "Reserve"]

1.e4 Nf6 2.e5 Nd5 3.d4 d6 4.Nf3 Bg4 5.h3 Bh5 6.Be2 e6 7.O-O Nd7
8.Re1 Be7 9.Nbd2 dxe5 10.dxe5 Nf4 11.Bb5 c6 12.Bf1 Nd5 13.g4
Bg6 14.Ne4 Bxe4 15.Rxe4 Qc7 16.c4 N5b6 17.Bf4 O-O-O 18.Qc2 h6
19.a4 Nc5 20.a5 Nxe4 21.axb6 Qxb6 22.Qxe4 a6 23.Qc2 Bb4 24.Nd2
a5 25.Ne4 g5 26.Bg3 Rd4 27.c5 Qc7 28.Nd6+ Kb8 29.Rc1 Rd2 30.Qb1
Rd5 31.Ne4 b5 32.cxb6 Qxb6 33.Nd6 Qc7 34.Bg2 Rc5 35.Rd1 {%02'time'} 1-0

[Event "Washington Open Championship"]
[Site "Seattle, WA"]
[Date "2014.05.25"]
[Round "3"]
[White "Nicoski Rick  (WA)"]
[Black "Lee Addison  (WA)"]
[Result "0-1"]
[WhiteElo "1353"]
[BlackElo "1069"]
[Annotator ""]
[Source ""]
[Remark "Booster"]

1.d4 d5 2.Bf4 Nc6 3.e3 Nf6 4.h3 Bf5 5.a3 e6 6.Nf3 Bd6 7.Ne5 Bxe5
8.dxe5 Nd7 9.Bb5 Nb6 10.Nd2 Qd7 11.O-O a6 12.Bd3 Ne7 13.Nf3 O-O
14.Nd4 Bxd3 15.Qxd3 Ng6 16.Bg3 Nc4 17.Nf3 Nxb2 18.Qb3 Nc4 19.h4
c5 20.c3 b5 21.Qc2 Qc7 22.h5 Ne7 23.Bf4 h6 24.g4 Rfd8 25.g5 hxg5
26.Nxg5 Nf5 27.Kh2 Kf8 28.Qe2 Ke7 29.Qg4 Rh8 30.Kg2 Nxe5 31.Bxe5
Qxe5 32.Rac1 g6 33.Nf3 Qg7 34.hxg6 Qxg6 35.Qxg6 fxg6 36.Rh1 Kf6
37.Rh3 Rxh3 38.Kxh3 Rh8+ 39.Kg4 Nd6 40.Rc2 Nc4 41.Ra2 Ne5+ 42.Nxe5
Kxe5 43.Kf3 Rh1 44.a4 Rc1 45.axb5 axb5 46.Ra3 Rb1 47.Ke2 b4 48.cxb4
cxb4 49.Ra5 b3 50.Rb5 g5 51.Kf3 Kf5 0-1

[Event "Washington Open Championship"]
[Site "Seattle, WA"]
[Date "2014.05.25"]
[Round "3"]
[White "Bablani Akshay  (WA)"]
[Black "Shi Noah  (WA)"]
[Result "1-0"]
[WhiteElo "533"]
[BlackElo "109"]
[Annotator ""]
[Source ""]
[Remark "Booster"]

1.e4 e5 2.Nf3 Nc6 3.Nc3 Nf6 4.Bb5 Bb4 5.O-O O-O 6.d4 exd4 7.Nxd4
Bxc3 8.bxc3 Nxe4 9.Nxc6 bxc6 10.Bd3 Nxc3 11.Qg4 Qf6 12.Bb2 Rb8
13.Bxc3 Qxc3 14.Qh3 h6 15.Bh7+ Kxh7 16.Qxc3 Ba6 17.Rfb1 Rxb1+
18.Rxb1 Re8 19.Re1 Rb8 20.Qa5 Bc4 21.a4 Rb2 22.Qf5+ g6 23.Qc5
Rxc2 24.h3 Bb3 25.Qe7 Bxa4 26.Qxf7+ Kh8 27.Re8# 1-0

[Event "Washington Open Championship"]
[Site "Seattle, WA"]
[Date "2014.05.26"]
[Round "5"]
[White "Brown Fred  (WA)"]
[Black "Yu Allistair  (WA)"]
[Result "1-0"]
[WhiteElo "1457"]
[BlackElo "1397"]
[Annotator ""]
[Source ""]
[Remark "Reserve"]

1.d4 d5 2.c4 e6 3.Nc3 Nf6 4.cxd5 exd5 5.Bg5 Nbd7 6.e3 c6 7.Bd3
Qa5 8.Nge2 Bd6 9.O-O O-O 10.Qc2 h6 11.Bh4 Re8 12.a3 Qc7 13.Bg3
Bxg3 14.Nxg3 b6 15.Nb5 Qd8 16.Qxc6 Ba6 17.Qc2 Nf8 18.Qa4 Bxb5
19.Qxb5 Ne6 20.Qb3 Qe7 21.Rfc1 Qb7 22.Rc3 Rac8 23.Rac1 Rxc3 24.Qxc3
Rd8 25.Qc6 Qxc6 26.Rxc6 Kf8 27.Ba6 Ke7 28.Nf5+ Ke8 29.Rc8 Kd7
30.Rxd8+ Kxd8 31.Nd6 Ke7 32.Nc8+ 1-0

[Event "Washington Open Championship"]
[Site "Seattle, WA"]
[Date "2014.05.26"]
[Round "6"]
[White "Sinanan Joshua  (WA)"]
[Black "Orlov Georgi (WA)"]
[Result "1/2-1/2"]
[WhiteElo "2256"]
[BlackElo "2533"]
[Annotator ""]
[Source ""]
[Remark "Open"]

1.Nf3 Nf6 2.c4 g6 3.b3 Bg7 4.Bb2 d6 5.d4 O-O 6.g3 e5 7.dxe5 Nfd7
8.Qd2 dxe5 9.Nc3 Re8 10.Nd5 c6 11.Ne3 Qe7 12.Bg2 Nc5 13.Qc2 f5
14.b4 e4 15.bxc5 exf3 16.Bxf3 Na6 17.O-O Nxc5 18.Rad1 Bxb2 19.Qxb2
Be6 20.Rd4 Red8 21.Rfd1 Rxd4 22.Qxd4 Rc8 23.Qe5 Nd7 24.Qf4 Nf8
25.Qd4 b6 26.Qe5 Qg7 27.Qd6 Qc7 1/2-1/2

[Event "Washington Open Championship"]
[Site "Seattle, WA"]
[Date "2014.05.26"]
[Round "6"]
[White "Sang Tian  (WA)"]
[Black "Lee Nathan  (WA)"]
[Result "1-0"]
[WhiteElo "2317"]
[BlackElo "2202"]
[Annotator ""]
[Source ""]
[Remark "Open"]

1.e4 c5 2.Nf3 Nc6 3.d4 cxd4 4.Nxd4 Nf6 5.Nc3 d6 6.Be3 e6 7.Qd2
a6 8.f3 Be7 9.O-O-O Qc7 10.g4 b5 11.g5 Nd7 12.Kb1 Bb7 13.h4 Nce5
14.Qf2 Nc4 15.Bxc4 Qxc4 16.h5 b4 17.Na4 d5 18.g6 Bf6 19.e5 Bxe5
20.f4 Bf6 21.b3 Qc7 22.gxf7+ Kxf7 23.f5 e5 24.Ne6 Qc6 25.h6 g6
26.Ng5+ Ke7 27.Rhe1 Rac8 28.Bc1 a5 29.Ne6 Kf7 30.Ng5+ Ke7 31.Ne6
Kf7 32.Bg5 gxf5 33.Bxf6 Kxf6 34.Nd4 Qa6 35.Qxf5+ Ke7 36.Rxe5+
Nxe5 37.Qxe5+ Kd7 38.Rg1 1-0

[Event "Washington Open Championship"]
[Site "Seattle, WA"]
[Date "2014.05.25"]
[Round "2"]
[White "Wang Everett  (WA)"]
[Black "Peng Brandon  (WA)"]
[Result "1/2-1/2"]
[WhiteElo "939"]
[BlackElo "1116"]
[Annotator ""]
[Source ""]
[Remark "Booster"]

1.d4 d5 2.c4 c6 3.Nc3 Nf6 4.Nf3 Bf5 5.Bf4 e6 6.e3 Bd6 7.Bg5 h6
8.Bh4 Na6 9.Ne5 Nb4 10.Rc1 g5 11.Bg3 Ne4 12.Nxe4 Bxe4 13.Bd3
Bxd3 14.Nxd3 Nxd3+ 15.Qxd3 Bxg3 16.hxg3 Qb6 17.b3 Qb4+ 18.Qc3
Qxc3+ 19.Rxc3 O-O-O 20.a4 Kb8 21.f4 f5 22.c5 a6 23.b4 g4 24.a5
h5 25.Kf2 Rh7 26.Rh4 Rdh8 27.Rc1 Kc7 28.Rch1 Kd7 29.R4h2 Ke7
30.Kg1 Kf7 31.Kf2 Kg6 32.Ke2 1/2-1/2

[Event "Washington Open Championship"]
[Site "Seattle, WA"]
[Date "2014.05.25"]
[Round "3"]
[White "Getz Nate  (WA)"]
[Black "Hendricks David  (WA)"]
[Result "0-1"]
[WhiteElo "1626"]
[BlackElo "1674"]
[Annotator ""]
[Source ""]
[Remark "Reserve"]

1.d4 Nf6 2.c4 g6 3.Nc3 Bg7 4.e4 d6 5.Nf3 O-O 6.Be2 Na6 7.O-O
c5 8.d5 Bg4 9.h3 Bxf3 10.Bxf3 Nd7 11.Bd2 Ne5 12.Be2 Nc7 13.f4
Nd7 14.f5 Bd4+ 15.Kh1 Ne5 16.Qe1 f6 17.h4 Ne8 18.Qg3 Ng7 19.Bh6
Rf7 20.Bf4 gxf5 21.exf5 Kh8 22.Bxe5 Bxe5 23.Qh3 Qb6 24.b3 Rg8
25.g4 Nh5 26.Rf3 Nf4 27.Rxf4 Bxf4 28.Ne4 Rfg7 29.Rg1 Qb4 30.h5
Qa3 31.h6 Rf7 32.Qh5 Rff8 33.g5 fxg5 34.Nxg5 Bxg5 35.Rxg5 Qc1+
36.Kh2 Rxg5 37.Qf3 Qg1+ 38.Kh3 Rf6 39.Qc3 Qh1# 0-1

[Event "Washington Open Championship"]
[Site "Seattle, WA"]
[Date "2014.05.24"]
[Round "1"]
[White "Raffel Brian  (WA)"]
[Black "Arganian David (WA)"]
[Result "0-1"]
[WhiteElo "1493"]
[BlackElo "2008"]
[Annotator ""]
[Source ""]
[Remark "Open"]

1.e4 c5 2.Nf3 d6 3.d4 cxd4 4.Nxd4 Nf6 5.Nc3 a6 6.Bc4 e6 7.Bb3
b5 8.a3 Be7 9.O-O O-O 10.Be3 Bb7 11.f3 Nbd7 12.Bxe6 fxe6 13.Nxe6
Qc8 14.Nxf8 Bxf8 15.Re1 Ne5 16.Nd5 Nxd5 17.exd5 Qc4 18.b3 Qxd5
19.Qe2 Qf7 20.Rad1 Nxf3+ 21.gxf3 Bxf3 22.Qd3 Qh5 23.Rd2 Qg4+
24.Kf1 Qh3+ 25.Kg1 Qg4+ 26.Kf1 Qh3+ 27.Kg1 Re8 28.Qf1 Qg4+ 29.Kf2
Be7 30.Qd3 Qg2# 0-1

[Event "Washington Open Championship"]
[Site "Seattle, WA"]
[Date "2014.05.26"]
[Round "5"]
[White "Mathews Dan  (WA)"]
[Black "Tu Robin  (WA)"]
[Result "0-1"]
[WhiteElo "1764"]
[BlackElo "1711"]
[Annotator ""]
[Source ""]
[Remark "Premier"]

1.e4 d6 2.d4 Nf6 3.Nc3 g6 4.Nf3 Bg7 5.Be2 O-O 6.O-O Nbd7 7.h3
c5 8.Be3 b6 9.Qd2 Bb7 10.dxc5 Nxc5 11.e5 Nfe4 12.Nxe4 Nxe4 13.Qd4
Qc7 14.Bf4 Qxc2 15.Bd3 Qc6 16.Rac1 Qd5 17.Qxd5 Bxd5 18.Bc4 Bxc4
19.Rxc4 dxe5 20.Rxe4 exf4 21.Rxe7 Rfe8 22.Rfe1 Rxe7 23.Rxe7 Bxb2
24.Ng5 Bf6 25.Rxa7 Rxa7 0-1

[Event "Washington Open Championship"]
[Site "Seattle, WA"]
[Date "2014.05.26"]
[Round "5"]
[White "Mayer Jacob  (WA)"]
[Black "Zhang Jason  (WA)"]
[Result "1-0"]
[WhiteElo "1520"]
[BlackElo "1313"]
[Annotator ""]
[Source ""]
[Remark "Reserve"]

1.e4 e5 2.Nf3 Nc6 3.Bc4 Bc5 4.c3 Nf6 5.d3 a6 6.O-O O-O 7.Bg5
Be7 8.Re1 d6 9.h3 h6 10.Be3 Be6 11.Bxe6 fxe6 12.Nbd2 Qe8 13.d4
Nh5 14.Qb3 Qg6 15.Qxb7 exd4 16.cxd4 Qe8 17.Rac1 Na7 18.Rxc7 Bf6
19.e5 dxe5 20.dxe5 Bg5 21.Nxg5 hxg5 22.Bxa7 1-0

[Event "Washington Open Championship"]
[Site "Seattle, WA"]
[Date "2014.05.26"]
[Round "6"]
[White "Jiang Brandon  (WA)"]
[Black "Daniels Nolan  (WA)"]
[Result "1-0"]
[WhiteElo "724"]
[BlackElo "1130"]
[Annotator ""]
[Source ""]
[Remark "Booster"]

1.e4 e5 2.Nf3 Nc6 3.Bc4 Nf6 4.Ng5 d5 5.exd5 Na5 6.Bb5+ c6 7.dxc6
bxc6 8.Ba4 Nd7 9.Nf3 e4 10.Nd4 c5 11.Nc6 Qf6 12.Nxa5 Qa6 13.Bb3
Qxa5 14.O-O Be7 15.c3 O-O 16.d4 Nb6 17.dxc5 Bxc5 18.Nd2 Rd8 19.Qc2
e3 20.fxe3 Bxe3+ 21.Kh1 Bb7 22.Bxf7+ Kh8 23.Bb3 Qg5 24.Nf3 Bxf3
25.Rxf3 Rf8 26.Bxe3 Qh5 27.Rh3 1-0

[Event "Washington Open Championship"]
[Site "Seattle, WA"]
[Date "2014.05.25"]
[Round "4"]
[White "Roberge David  (WA)"]
[Black "Barua Aniruddha  (WA)"]
[Result "0-1"]
[WhiteElo "628"]
[BlackElo "887"]
[Annotator ""]
[Source ""]
[Remark "Booster"]

1.c4 e5 2.Nc3 Nf6 3.g3 Nc6 4.Bg2 Bc5 5.e3 O-O 6.b3 d6 7.Nge2
Bb6 8.Bb2 Bf5 9.O-O Bd3 10.Nd5 Nxd5 11.Bxd5 Rb8 12.Bxc6 bxc6
13.Re1 Qd7 14.Nc3 f5 15.Na4 Rbe8 16.Nxb6 axb6 17.f4 Qf7 18.Ba3
c5 19.Qf3 Be4 20.Qe2 exf4 21.exf4 Bc6 22.Qd1 h5 23.Rxe8 Rxe8
24.Bb2 h4 25.Qf1 Qe6 26.Qf2 Qe4 27.gxh4 Qh1# 0-1

[Event "Washington Open Championship"]
[Site "Seattle, WA"]
[Date "2014.05.24"]
[Round "2"]
[White "Kannan Aditya  (WA)"]
[Black "Truluck Maxwell  (WA)"]
[Result "1-0"]
[WhiteElo "1555"]
[BlackElo "1554"]
[Annotator ""]
[Source ""]
[Remark "Reserve"]

1.e4 c5 2.Nf3 Nc6 3.d4 cxd4 4.Nxd4 Nf6 5.Nc3 g6 6.Be3 Bg7 7.Bc4
O-O 8.Bb3 d6 9.f3 Bd7 10.Qd2 Rc8 11.O-O-O a6 12.g4 Bxg4 13.fxg4
Nxg4 14.Ne6 Qd7 15.Nxf8 Rxf8 16.h3 Nge5 17.Bh6 Rc8 18.Bxg7 Kxg7
19.Qe2 b5 20.h4 h5 21.Kb1 Na5 22.Qh2 Ng4 23.Qf4 e5 24.Qd2 Qa7
25.Rhf1 Ne3 26.Rxf7+ 1-0

[Event "Washington Open Championship"]
[Site "Seattle, WA"]
[Date "2014.05.24"]
[Round "2"]
[White "Vaintroub Maximilian  (WA)"]
[Black "Chowdhury Neil  (WA)"]
[Result "0-1"]
[WhiteElo "1801"]
[BlackElo "1643"]
[Annotator ""]
[Source ""]
[Remark "Open"]

1.e4 c5 2.Nf3 Nc6 3.d4 cxd4 4.Nxd4 g6 5.Nc3 Bg7 6.Be3 Nf6 7.Be2
O-O 8.Qd2 d6 9.f3 Bd7 10.g4 Rc8 11.h4 h5 12.O-O-O hxg4 13.fxg4
Nxg4 14.Nxc6 Rxc6 15.h5 Nxe3 16.Qxe3 Qb6 17.Qg3 Bh6+ 18.Kb1 Qe3
19.Qxe3 Bxe3 20.hxg6 fxg6 21.Nd5 Bg5 22.Bb5 Bg4 23.Rdg1 Bf3 24.Rh3
Bxe4 25.Rxg5 Rxc2 26.Nxe7+ Kg7 27.Bd3 Rc7 {} {  White resigned, not seeing that Black had just given up his advantage.  28.Rxg6+ Bxg6  29. Nxg6 Rf2 30. Nf4 Rf7 $14/$16}
 0-1

[Event "Washington Open Championship"]
[Site "Seattle, WA"]
[Date "2014.05.25"]
[Round "1"]
[White "Newstead Brumas  (WA)"]
[Black "Somji Shifa  (WA)"]
[Result "1-0"]
[WhiteElo "1632"]
[BlackElo "1183"]
[Annotator ""]
[Source ""]
[Remark "Reserve"]

1.e4 c5 2.c3 d5 3.exd5 Qxd5 4.Nf3 Nc6 5.d4 cxd4 6.cxd4 Bg4 7.Nc3
Qe6+ 8.Be3 Bxf3 9.Qxf3 Nxd4 10.Qxb7 Rd8 11.Bb5+ Nxb5 12.Nxb5
Rc8 13.Nc7+ Rxc7 14.Qxc7 Qd5 15.Rd1 Qxd1+ 16.Kxd1 f6 17.Ke2 Kf7
18.Rd1 g6 19.Rd8 Kg7 20.Qb8 g5 21.Rxf8 h5 22.h4 gxh4 23.Qe8 Nh6
24.Bxh6+ Kxh6 25.Rxh8+ Kg5 26.Rxh5+ Kg4 27.Qg6+ Kf4 28.Qf5# 1-0

[Event "Washington Open Championship"]
[Site "Seattle, WA"]
[Date "2014.05.24"]
[Round "2"]
[White "Varner Murlin  (WA)"]
[Black "Yang Richard  (WA)"]
[Result "0-1"]
[WhiteElo "1639"]
[BlackElo "1464"]
[Annotator ""]
[Source ""]
[Remark "Reserve"]

1.c4 c5 2.g3 Nc6 3.Bg2 Nf6 4.Nf3 d5 5.cxd5 Nxd5 6.O-O Bg4 7.Qb3
Nb6 8.Ng5 e6 9.Qe3 Nd4 10.Na3 Bxe2 11.Re1 Rb8 12.Rxe2 Nxe2+ 13.Qxe2
Qxg5 14.d4 Qd8 15.Bf4 Bd6 16.Bxd6 Qxd6 17.Nb5 Qe7 18.Rc1 c4 19.Qe5
O-O 20.d5 Qf6 21.Qxf6 gxf6 22.dxe6 fxe6 23.Nc7 e5 24.Ne6 Rfc8
25.f4 exf4 26.Nxf4 Kf7 27.Bh3 Rd8 28.Be6+ Ke7 29.Re1 Kd6 30.Bf5
Re8 31.Rd1+ Ke7 32.Bxh7 Rbd8 33.Re1+ Kf8 34.Rf1 Nd5 35.Nxd5 Rxd5
36.Bg6 Re2 37.b3 cxb3 38.axb3 Rdd2 39.Rb1 Kg7 40.Bh5 Rxh2 41.Bf3
b6 42.Re1 Rh3 43.Bh1 Rxg3+ 44.Kf1 Rxb3 45.Re7+ Kf8 46.Re1 Rbd3
47.Be4 Rd4 48.Bf3 b5 49.Rb1 b4 50.Be2 a5 51.Ke1 a4 52.Rxb4 Rxb4
53.Kxd2 Rb2+ 54.Kd1 Rxe2 0-1

[Event "Washington Open Championship"]
[Site "Seattle, WA"]
[Date "2014.05.25"]
[Round "3"]
[White "Anthony Ralph  (WA)"]
[Black "Ovalles Edward  (WA)"]
[Result "1-0"]
[WhiteElo "1707"]
[BlackElo "1627"]
[Annotator ""]
[Source ""]
[Remark "Premier"]

1.e4 e6 2.d4 d5 3.Nd2 c5 4.c3 Nc6 5.Ngf3 Bd7 6.e5 Qb6 7.Nb3 cxd4
8.cxd4 a5 9.Be3 Bb4+ 10.Nbd2 a4 11.Be2 Nge7 12.O-O Nf5 13.a3
Bxd2 14.Qxd2 Nxe3 15.Qxe3 Ne7 16.Rac1 Nf5 17.Qd2 O-O 18.Bd3 Bb5
19.Bxb5 Qxb5 20.Rc5 Qd7 21.Rfc1 Rfc8 22.Qc2 Rxc5 23.Qxc5 Ne7
24.Qd6 Qxd6 25.exd6 Nc6 26.Ne5 Nxe5 27.dxe5 Rd8 28.Rc7 f6 29.f4
Kf8 30.Rxb7 d4 31.Kf2 h6 32.Ke2 fxe5 33.fxe5 g5 34.Kd3 Ke8 35.Kxd4
Rd7 36.Rxd7 Kxd7 37.Kc5 h5 38.Kb5 h4 39.Kxa4 Kc6 40.b4 g4 41.b5+
Kb6 42.Kb4 1-0

[Event "Washington Open Championship"]
[Site "Seattle, WA"]
[Date "2014.05.25"]
[Round "3"]
[White "Shaji Karthik  (WA)"]
[Black "Roberge David  (WA)"]
[Result "1-0"]
[WhiteElo "1191"]
[BlackElo "628"]
[Annotator ""]
[Source ""]
[Remark "Booster"]

1.d4 d5 2.c4 c6 3.Nf3 Bg4 4.Qc2 Bxf3 5.exf3 Nf6 6.Be3 Nbd7 7.Nc3
e6 8.Bd3 Bb4 9.O-O Qc7 10.a3 Bd6 11.h3 O-O-O 12.b4 b5 13.cxb5
cxb5 14.Nxb5 Qxc2 15.Bxc2 Bb8 16.Rac1 Kb7 17.Bd3 Rc8 18.f4 Rxc1
19.Rxc1 a6 20.Nc3 Rc8 21.Na4 Rxc1+ 22.Bxc1 g6 23.Nc5+ Nxc5 24.bxc5
Kc6 25.Bxa6 Ne4 26.Kf1 h5 27.f3 Nc3 28.Bd2 Nb5 29.Bxb5+ Kxb5
30.Ke2 f5 31.Kd3 Bc7 32.g4 Ka4 33.Bc1 Kb5 34.Kc3 Ba5+ 35.Kb3
Be1 36.a4+ Kc6 37.Kc2 Bf2 38.Kd3 Be1 39.Bd2 Bh4 40.g5 Bg3 41.Ke2
h4 42.Kd3 Bf2 43.Kc3 Bg1 44.Be1 Be3 45.Bxh4 Bxf4 46.Kd3 Bc7 47.Be1
Bd8 48.h4 Be7 49.Ke3 Bd8 50.Bb4 Be7 51.Kf4 Bd8 52.Ke5 Kd7 53.Ba5
Bc7+ 54.Kf6 Bg3 55.Kxg6 Bxh4 56.Kh5 Bg3 57.g6 Bf4 1-0

[Event "Washington Open Championship"]
[Site "Seattle, WA"]
[Date "2014.05.25"]
[Round "3"]
[White "Jain Krish  (WA)"]
[Black "Esposito Jason  (NY)"]
[Result "0-1"]
[WhiteElo "946"]
[BlackElo "1259"]
[Annotator ""]
[Source ""]
[Remark "Booster"]

1.d4 Nf6 2.Nf3 d5 3.g3 Bf5 4.Bg2 Nc6 5.O-O Qc8 6.Re1 Bh3 7.Bh1
h6 8.c4 e6 9.Nc3 Bb4 10.a3 Bxc3 11.bxc3 dxc4 12.Qa4 O-O 13.Qxc4
Na5 14.Qb5 b6 15.Ne5 Nd5 16.c4 c6 17.Qa4 Ne7 18.Bd2 f6 19.Bxa5
fxe5 20.Bb4 c5 21.Bxa8 Qxa8 22.f3 cxb4 23.Kf2 e4 24.Qb3 exf3
25.exf3 Bg4 26.Re3 Nf5 27.Rd3 Nxd4 28.Qd1 Bxf3 29.Qd2 Be2+ 30.Kg1
Bxd3 31.Qxd3 Nf3+ 32.Kf2 Ne5+ 33.Kg1 Nxd3 34.Rf1 Rxf1+ 35.Kxf1
Qf3+ 36.Kg1 Qf2+ 37.Kh1 Qf1# 0-1

[Event "Washington Open Championship"]
[Site "Seattle, WA"]
[Date "2014.05.25"]
[Round "3"]
[White "Huston Drew  (WA)"]
[Black "Wang Everett  (WA)"]
[Result "0-1"]
[WhiteElo "735"]
[BlackElo "939"]
[Annotator ""]
[Source ""]
[Remark "Booster"]

1.d4 e6 2.Nf3 d5 3.e3 Nf6 4.Bd3 c5 5.c3 Nc6 6.Nbd2 Bd7 7.e4 dxe4
8.Nxe4 Nxe4 9.Bxe4 Be7 10.O-O Qc7 11.Re1 cxd4 12.Nxd4 Nxd4 13.Qxd4
e5 14.Qd3 Rd8 15.Re3 Bc5 16.Rg3 g6 17.Rf3 a6 18.Bd5 Be6 19.c4
Qa5 20.a3 Qe1+ 21.Qf1 Qxf1+ 22.Kxf1 Bxd5 23.cxd5 Rxd5 24.b4 Bd4
25.Ra2 O-O 26.Rd2 Rfd8 27.Rfd3 e4 28.Rg3 Be5 29.Rxd5 Rxd5 30.Rh3
Rd1+ 31.Ke2 Rxc1 32.Ke3 Rc3+ 0-1

[Event "Washington Open Championship"]
[Site "Seattle, WA"]
[Date "2014.05.25"]
[Round "2"]
[White "Wang Everett  (WA)"]
[Black "Peng Brandon  (WA)"]
[Result "1/2-1/2"]
[WhiteElo "939"]
[BlackElo "1116"]
[Annotator ""]
[Source ""]
[Remark "Booster"]

1.d4 d5 2.c4 c6 3.Nc3 Nf6 4.Nf3 Bf5 5.Bf4 e6 6.e3 Bd6 7.Bg5 h6
8.Bh4 Na6 9.Ne5 Nb4 10.Rc1 g5 11.Bg3 Ne4 12.Nxe4 Bxe4 13.Bd3
{?} Bxd3 {?} ( 13...Bxe5 14.Bxe4 ( 14.Bxe5 Nxd3+ 15.Kf1 Rf8 )
Bxg3 ) 14.Nxd3 Nxd3+ 15.Qxd3 Bxg3 16.hxg3 Qb6 17.b3 Qb4+ 18.Qc3
Qxc3+ 19.Rxc3 O-O-O 20.a4 Kb8 21.f4 f5 22.c5 a6 23.b4 g4 24.a5
h5 25.Kf2 Rh7 26.Rh4 Rdh8 27.Rc1 Kc7 28.Rch1 Kd7 29.R4h2 Ke7
30.Kg1 Kf7 31.Kf2 Kg6 32.Ke2 1/2-1/2

[Event "Washington Open Championship"]
[Site "Seattle, WA"]
[Date "2014.05.26"]
[Round "6"]
[White "Mahajan Rushaan  (WA)"]
[Black "Peng Patrick  (WA)"]
[Result "0-1"]
[WhiteElo "649"]
[BlackElo "1206"]
[Annotator ""]
[Source ""]
[Remark "Booster"]

1.e4 e5 2.Nf3 Nf6 3.Nc3 Bb4 4.d3 d5 5.Bd2 Bxc3 6.Bxc3 d4 7.Bd2
Nc6 8.Qe2 Be6 9.g3 Qd7 10.O-O-O Bh3 11.Bg5 Bxf1 12.Rhxf1 Qe6
13.Bxf6 gxf6 14.b3 Nb4 15.Kb1 Qa6 16.a4 b5 17.Qd2 c5 18.Qh6 bxa4
19.bxa4 Qxa4 20.Qxf6 Qa2+ 21.Kc1 Qxc2# 0-1

[Event "Washington Open Championship"]
[Site "Seattle, WA"]
[Date "2014.05.26"]
[Round "6"]
[White "May Sarah  (WA)"]
[Black "Bartron Paul  (WA)"]
[Result "1-0"]
[WhiteElo "2027"]
[BlackElo "2136"]
[Annotator ""]
[Source ""]
[Remark "Open"]

1.e4 e5 2.Nf3 Nf6 3.Nc3 Nc6 4.Bc4 Bc5 5.d3 d6 6.O-O Bg4 7.Be3
Nd4 8.Bxd4 exd4 9.Nd5 c6 10.Nxf6+ Qxf6 11.h3 h5 12.Qe2 O-O-O
13.hxg4 hxg4 14.Nh2 Rh4 15.g3 Rdh8 16.gxh4 Rxh4 1-0